Дело о выкупе земельных наделов временнообязанными крестьянами Н.П., С.П., А.П., А.П., В.П., А.П. Исуповых, М.П. Антипенко, О.П....

Доступно только в Электронных читальных залах Найти на картеНа карте
RUSMARC
00004247nmc2a2200000 x 450
00104c3f206-4526-4f26-9c47-b89d75f77408
00520170126111253.0
100##$a20140326l18711872k l0rusy0189 ca
1010#$arus
102##$aRU
2001#$aДело о выкупе земельных наделов временнообязанными крестьянами Н.П., С.П., А.П., А.П., В.П., А.П. Исуповых, М.П. Антипенко, О.П. Шевцовой деревни Чайковичи Брянского уезда Орловской губернии
$j3 марта 1871 г. - 23 марта 1872 г.
251##$cДело
300##$aДело
300##$aОриг. заголовок дела: Дело Исуповых Н.П., С.П., А.П., А.П., В.П., А.П., Антипенко М.П., Шевцовой О.П. Орловской губернии Брянского уезда деревни Чайковичи. 3 марта 1871 г. - 23 марта 1872 г
801#0$aRU
$bРГИА
$c20140326
$gRCR
801#1$aRU
$bГлавНИВЦ
$c20140326
$2rusmarc
801#2$aRU
$bПБ им. Б.Н. Ельцина
$c20170126
$gRCR
$2rusmarc
850##$aРГИА
852##$aРГИА
$eФедеральное казенное учреждение "Российский государственный исторический архив" (РГИА)
$j590
937##$hРГИА
$d11019561
$aASBIBLIO_SCAN
462#0$10012327ab3a-0548-404e-b4cb-e37355ac5039
$12001
$a1863-1889 гг.
$1251
$cОпись
$1852
$j26
461#0$10018ef30ad5-ff5c-4840-a721-74c62a200f95
$12001
$aГлавное выкупное учреждение Министерства финансов
$1251
$cФонд
$1852
$j577
215##$a55 л.
$d36,5х26 см
371##$aДокумент не является опубликованным и широко распространяемым
105##$ay###
1222#$ad
5171#$aДело Исуповых Н.П., С.П., А.П., А.П., В.П., А.П., Антипенко М.П., Шевцовой О.П. Орловской губернии Брянского уезда деревни Чайковичи. 3 марта 1871 г. - 23 марта 1872 г
035##$a04c3f206-4526-4f26-9c47-b89d75f77408
856##$uhttp://readingroom.main.prlib.ru/item.aspx?id_node=n95069617&mode=full
Формат отображения